000 01659nam0a2200349 4500
001 RU\NLR\bibl\520741
005 20260406045659.0
010 _a5-87237-358-9
_9130
021 _aRU
_b2004-19514
_9995
035 _a(NLR Aleph) 000513142
090 _a1245958
_c1245958
100 _a20040518d2003 |||y0rusy50 ca
101 0 _arus
102 _aRU
105 _aa |||||||||
200 1 _aФеноменология любви
_eАнтичность. Средние века. Эпоха возрождения. XVII век
_e[Очерки. Хрестоматия]
_fА.Ю. Котылев, А.А.Павлов, И.Е. Фадеева
_gСыктывкар. гос. ун-т, Коми гос. пед. ин-т, Рос. об-во интеллектуал. истории (Сыктывкар. отд-ние)
210 _aСыктывкар
_cСыктывкар. гос. ун-т
_d2003
215 _a259, [1] с.
_cил.
_d20
320 _aБиблиогр.: с. 189-191 (53 назв.) и в подстроч. примеч.
606 0 _aЛюбовь в культуре
_92331251
_3RU\NLR\auth\661394062
686 _aТ3(0)0-7
686 _aС550.53
686 _aШ5(0)-342
700 1 _aКотылев
_bА. Ю.
_4070
701 1 _4070
_8rus
_7ca
_aПавлов
_bА. А.
_f1965-
_cканд. ист. наук
_gАндрей Альбертович
_3RU\NLR\AUTH\7733056
_916064
701 1 _4070
_8rus
_7ca
_aФадеева
_bИ. Е.
_f1952-
_cискусствовед
_gИрина Евгеньевна
_3RU\NLR\auth\775326
_9115290
801 0 _aRU
_bNLR
_c20040518
_gPSBO
801 1 _aRU
_bNLR
_c20040518
942 _cBOOK
980 _aNB